[Event "XIX Festival A"]
[Site "Madonna di Campiglio - Pinzolo ITA"]
[Date "1993.07.??"]
[Round "3"]
[White "Astengo, Corrado"]
[Black "Zelcic, Robert"]
[WhiteElo "2165"]
[BlackElo "2450"]
[Result "0-1"]
[PlyCount "62"]
[EventDate "1993.07.11"]

1. e4 Nf6 2. e5 Nd5 3. d4 d6 4. Be2 dxe5 5. dxe5 Bf5 6. c3 e6 7. Qb3 Nd7 8. Nf3
Nc5 9. Qd1 Be7 10. O-O O-O 11. a3 a5 12. c4 Nb6 13. Be3 Qxd1 14. Rxd1 Nb3 15.
Ra2 Rad8 16. Nbd2 Bc2 17. Re1 a4 18. Nxb3 Bxb3 19. Raa1 Nxc4 20. Bxc4 Bxc4 21.
Rac1 b5 22. Nd2 Bd5 23. Rxc7 Rfe8 24. Rec1 h6 25. h3 b4 26. Ra7 bxa3 27. bxa3
Bxa3 28. Rcc7 Ra8 29. Rxf7 Bf8 30. Bd4 a3 31. Ba1 a2 0-1

[Event "XIX Festival A"]
[Site "Madonna di Campiglio - Pinzolo ITA"]
[Date "1993.07.??"]
[Round "3"]
[White "Malfagia, Andrea"]
[Black "Vujovic, Milorad"]
[WhiteElo "2315"]
[BlackElo "2280"]
[Result "1-0"]
[PlyCount "49"]
[EventDate "1993.07.11"]

1. d4 Nf6 2. Nf3 b5 3. Bg5 Ne4 4. Bh4 Bb7 5. e3 a6 6. Bd3 f5 7. Nbd2 Nxd2 8.
Nxd2 g6 9. Bxf5 Bxg2 10. Qg4 Bd5 11. Be4 Be6 12. Qf4 c6 13. Rg1 Bf7 14. Nf3 Bg7
15. Ng5 O-O 16. Qg4 Qa5+ 17. Kd1 d5 18. Bd3 e5 19. Nxh7 e4 20. Nf6+ Bxf6 21.
Bxf6 Qb4 22. Qh5 Be8 23. Rxg6+ Kf7 24. Rg7+ Kxf6 25. Qe5# 1-0

[Event "XIX Festival A"]
[Site "Madonna di Campiglio - Pinzolo ITA"]
[Date "1993.07.??"]
[Round "4"]
[White "De Vita, Igor"]
[Black "Rossi, Giampiero"]
[WhiteElo "1956"]
[BlackElo "2205"]
[Result "1-0"]
[PlyCount "47"]
[EventDate "1993.07.11"]

1. e4 c5 2. c3 d5 3. exd5 Qxd5 4. d4 e6 5. Nf3 Nc6 6. Be2 cxd4 7. cxd4 Nf6 8.
O-O Be7 9. Nc3 Qd6 10. Be3 O-O 11. Qd2 Rd8 12. Rfd1 Bd7 13. Bf4 Qb4 14. a3 Qb3
15. Qc1 Nd5 16. Nxd5 Qxd5 17. Qd2 Rac8 18. Rac1 Be8 19. Qe3 b5 20. Bd3 a6 21.
Bb1 g6 22. Be4 Qa2 23. b4 Nb8 24. Bc7 1-0

[Event "XIX Festival A"]
[Site "Madonna di Campiglio - Pinzolo ITA"]
[Date "1993.07.??"]
[Round "4"]
[White "Di Lazzaro, Gabriele"]
[Black "Maccagno, Giancarlo"]
[WhiteElo "1908"]
[BlackElo "2280"]
[Result "1-0"]
[PlyCount "111"]
[EventDate "1993.07.11"]

1. e4 c5 2. Nf3 Nc6 3. d4 cxd4 4. Nxd4 a6 5. Nc3 e6 6. a3 Qc7 7. Nxc6 Qxc6 8.
Be2 b5 9. O-O Bb7 10. Bf3 Ne7 11. Re1 Qc4 12. Bf4 d5 13. exd5 Qxf4 14. dxe6 Rd8
15. exf7+ Qxf7 16. Bxb7 Rxd1 17. Raxd1 Qf6 18. Ne4 Qf4 19. g3 Qb8 20. Nd6+ Kd7
21. Nxb5+ Ke8 22. Nd6+ Kd7 23. Bxa6 Ng6 24. Bb5+ Kc7 25. Re8 Bxd6 26. Rxb8 Rxb8
27. a4 Ne5 28. Kg2 Nc6 29. c4 Nb4 30. c5 Bxc5 31. Rd7+ Kb6 32. Rxg7 Rh8 33. f4
Bd4 34. Rd7 Bxb2 35. Kf3 h5 36. h3 Rh6 37. g4 h4 38. g5 Rh8 39. Kg4 Kc5 40. f5
Nd5 41. Rb7 Ne3+ 42. Kf4 Nd5+ 43. Kf3 Bc1 44. Rg7 Bb2 45. Rf7 Bc1 46. g6 Bb2
47. Bd7 Kd6 48. Be6 Ne7 49. g7 Ra8 50. Rxe7 Kxe7 51. g8=Q Rxg8 52. Bxg8 Kf6 53.
Be6 Bc3 54. Ke4 Kg5 55. Bc8 Kf6 56. Kd3 1-0

[Event "XIX Festival A"]
[Site "Madonna di Campiglio - Pinzolo ITA"]
[Date "1993.07.??"]
[Round "5"]
[White "Di Fonzo, Valerio"]
[Black "Wyss, Walter"]
[WhiteElo "1985"]
[BlackElo "2310"]
[Result "1-0"]
[PlyCount "49"]
[EventDate "1993.07.11"]

1. e4 c5 2. Nf3 e6 3. d4 cxd4 4. Nxd4 Nc6 5. Nb5 Bc5 6. Bf4 Qf6 7. Bg3 Qxb2 8.
Nd2 Nb4 9. Nc7+ Kd8 10. Bd3 Nxd3+ 11. cxd3 Bb4 12. Rc1 Rb8 13. Nxe6+ fxe6 14.
Bxb8 Nf6 15. Qc2 Bxd2+ 16. Kxd2 Qb4+ 17. Qc3 Qxc3+ 18. Rxc3 d5 19. e5 Ng4 20.
f3 Nh6 21. Bxa7 Bd7 22. Rb1 b5 23. a4 d4 24. Bxd4 Nf5 25. Bb6+ 1-0

[Event "XIX Festival A"]
[Site "Madonna di Campiglio - Pinzolo ITA"]
[Date "1993.07.??"]
[Round "6"]
[White "Giordani, Marco"]
[Black "Vujovic, Milorad"]
[WhiteElo "1947"]
[BlackElo "2280"]
[Result "1-0"]
[PlyCount "139"]
[EventDate "1993.07.11"]

1. e4 c5 2. Nf3 d6 3. d4 cxd4 4. Nxd4 Nf6 5. Nc3 a6 6. f4 e6 7. Be3 Qc7 8. Bd3
b5 9. a3 Bb7 10. O-O Nbd7 11. Qf3 Be7 12. Rae1 Nc5 13. Qg3 Ncxe4 14. Nxe4 Nxe4
15. Bxe4 Bxe4 16. Qxg7 Rf8 17. f5 O-O-O 18. Re2 Qb7 19. Rff2 Bh4 20. g3 Rg8 21.
Qh6 Bxg3 22. hxg3 e5 23. Nb3 Rxg3+ 24. Kh2 Rdg8 25. Qxd6 Rg1 26. Qc5+ Qc6 27.
Qxc6+ Bxc6 28. Kh3 Be4 29. Nd2 Rh1+ 30. Rh2 Bxf5+ 31. Kh4 Rg4+ 32. Kh5 Rxh2+
33. Rxh2 Rg3 34. Bf2 Rg8 35. c4 Kd7 36. c5 Bg6+ 37. Kg4 f5+ 38. Kf3 Ke6 39. Rh1
Rd8 40. Ke2 f4 41. Rc1 e4 42. Bh4 Rg8 43. c6 Bh5+ 44. Kf1 e3 45. Ne4 Bg6 46. c7
Rc8 47. Nc5+ Kd5 48. Bd8 f3 49. Rc3 a5 50. Nd7 Bf5 51. Nb6+ Ke4 52. Bh4 Rg8 53.
c8=Q e2+ 54. Ke1 Rg1+ 55. Kd2 Rd1+ 56. Kc2 Bxc8 57. Rxc8 Rh1 58. Re8+ Kf5 59.
Bf2 Rh2 60. Be1 Kg4 61. Rg8+ Kf4 62. Kd2 f2 63. Rf8+ Kg3 64. Rxf2 Rxf2 65. Ke3
Kg2 66. Bxf2 Kf1 67. Nd5 h5 68. Nf4 e1=Q+ 69. Bxe1 Kxe1 70. Nxh5 1-0

[Event "XIX Festival A"]
[Site "Madonna di Campiglio - Pinzolo ITA"]
[Date "1993.07.??"]
[Round "6"]
[White "Rigo, Gianfrancesco"]
[Black "Wyss, Walter"]
[WhiteElo "1966"]
[BlackElo "2310"]
[Result "0-1"]
[PlyCount "76"]
[EventDate "1993.07.11"]

1. e4 c5 2. Nf3 e6 3. d4 cxd4 4. Nxd4 Nc6 5. Nc3 Qc7 6. Be3 a6 7. Be2 Nf6 8.
O-O Bb4 9. Nxc6 bxc6 10. Na4 O-O 11. Qd4 Rb8 12. a3 Bd6 13. f4 e5 14. fxe5 Bxe5
15. Qd3 Bxh2+ 16. Kh1 Be5 17. c4 d6 18. Rad1 Bg4 19. Bg5 Rb3 20. Qxb3 Bxe2 21.
c5 Bxd1 22. Qxd1 Nxe4 23. cxd6 Ng3+ 24. Kg1 Qa7+ 25. Rf2 Bd4 26. d7 Qxd7 27.
Be3 Rd8 28. Nb6 Bxb6 29. Qxd7 Rxd7 30. Bxb6 Rd1+ 31. Kh2 Nf1+ 32. Kh3 Rd3+ 33.
Kg4 Nd2 34. Kf4 Nc4 35. Ke4 Rd5 36. Bd4 Nd6+ 37. Ke3 Nf5+ 38. Rxf5 Rxf5 0-1

[Event "XIX Festival A"]
[Site "Madonna di Campiglio - Pinzolo ITA"]
[Date "1993.07.??"]
[Round "7"]
[White "Vallifuoco, Giacomo"]
[Black "Nurkic, Sahbaz"]
[Result "1-0"]
[WhiteElo "2380"]
[BlackElo "2395"]
[PlyCount "95"]
[EventDate "1993.07.11"]

1. d4 Nf6 2. c4 g6 3. Nc3 Bg7 4. g3 O-O 5. Bg2 d6 6. e3 Nc6 7. Nge2 e5 8. O-O
Re8 9. d5 Na5 10. b3 e4 11. Bd2 b6 12. Nd4 Bd7 13. Nce2 Qc8 14. Rc1 Nb7 15. b4
a5 16. a3 axb4 17. axb4 h5 18. h4 Bg4 19. Bc3 Nh7 20. Qc2 Bh3 21. Ra1 Rxa1 22.
Rxa1 Bxg2 23. Kxg2 Qg4 24. Qa4 Rf8 25. Qc6 Bxd4 26. Nxd4 Nc5 27. Qxc7 Nd3 28.
Qxd6 g5 29. Qe7 Nxf2 30. Kxf2 Qh3 31. Qxe4 Nf6 32. Qf3 Ng4+ 33. Ke1 Ne5 34. Qf5
Qxg3+ 35. Ke2 Qg2+ 36. Kd1 Nxc4 37. Qxg5+ Qxg5 38. hxg5 Nxe3+ 39. Ke2 Nxd5 40.
Bd2 Rd8 41. Nf5 Re8+ 42. Kf3 Re5 43. Nh6+ Kh7 44. Ra7 Ne7 45. Bc3 Rxg5 46. Rxe7
Kg6 47. Nxf7 Rf5+ 48. Ke4 1-0